[Event "Westerndorf St.Peter/Rosenheim"]
[Site "Westerndorf St.Peter/Rosenheim"]
[Date "2015.08.22"]
[Round "1.1"]
[White "Schatz, Christian"]
[Black "Baldauf, Marco"]
[Result "1/2-1/2"]
[WhiteElo "2168"]
[BlackElo "2413"]
[PlyCount "156"]
[EventDate "2015.??.??"]
[WhiteTeam "TSV 1869 Rottendorf"]
[BlackTeam "SG Pang-Rosenheim 1910"]

1. Nf3 Nf6 2. d4 e6 3. g3 c5 4. Bg2 cxd4 5. O-O Nc6 6. Nxd4 Qb6 7. Nb3 d6 8. c4
Ne5 9. Na3 a6 10. Bd2 Qc7 11. Ba5 Qb8 12. Rc1 Be7 13. Qd2 O-O 14. Rfd1 Nc6 15.
Bb6 Re8 16. Na5 Bd7 17. Nc2 Nxa5 18. Bxa5 Bc6 19. Nd4 Bxg2 20. Kxg2 b6 21. Bb4
Qb7+ 22. Kg1 Rec8 23. Qd3 Nd7 24. Qf3 Qc7 25. Qe3 Bf8 26. b3 Rab8 27. Nxe6 fxe6
28. Qxe6+ Kh8 29. Bxd6 Bxd6 30. Qxd6 Nf6 31. Qxc7 Rxc7 32. Rd6 Re7 33. e3 Ne4
34. Rd5 h6 35. Rcd1 Kg8 36. Rd8+ Rxd8 37. Rxd8+ Kf7 38. h4 Re8 39. Rd7+ Re7 40.
Rd8 Re8 41. Rd7+ Kf6 42. Kg2 Re7 43. Rd3 Nc5 44. Rd6+ Re6 45. Rd8 Ke7 46. Rg8
Kf7 47. Rd8 Ke7 48. Rg8 g6 49. g4 Nd3 50. Rh8 Nc1 51. Rxh6 Nxa2 52. Rh7+ Kd6
53. Kg3 a5 54. h5 gxh5 55. Rxh5 Nc3 56. g5 Ne4+ 57. Kf3 Ke5 58. Kg2 Nc5 59. f4+
Kf5 60. Kf3 Kg6 61. Rh6+ Kg7 62. Rh2 Nxb3 63. f5 Rc6 64. g6 Kf6 65. e4 Nd4+ 66.
Ke3 Nxf5+ 67. exf5 Kxf5 68. g7 Rg6 69. Rh6 Rxg7 70. Rxb6 Ra7 71. Kd3 a4 72.
Rb5+ Ke6 73. Kc2 a3 74. Kb1 a2+ 75. Ka1 Kd6 76. Rb2 Kc5 77. Rxa2 Rxa2+ 78. Kxa2
Kxc4 1/2-1/2

[Event "Westerndorf St.Peter/Rosenheim"]
[Site "Westerndorf St.Peter/Rosenheim"]
[Date "2015.08.22"]
[Round "1.2"]
[White "Manakov, Ilya"]
[Black "Schlichtmann, Robin"]
[Result "1-0"]
[WhiteElo "2340"]
[BlackElo "2162"]
[PlyCount "41"]
[EventDate "2015.??.??"]
[WhiteTeam "TV Tegernsee"]
[BlackTeam "SK Bruckmühl"]

1. d4 Nf6 2. Bf4 g6 3. e3 Bg7 4. Nf3 d6 5. h3 Nfd7 6. Be2 e5 7. Bh2 O-O 8. O-O
Nc6 9. c4 exd4 10. exd4 Qf6 11. Nc3 Nxd4 12. Nxd4 Qxd4 13. Nb5 Qb6 14. b4 Bxa1
15. Qxa1 a6 16. c5 Qc6 17. Nd4 Qa4 18. cxd6 cxd6 19. Bxd6 Re8 20. Bd1 Qa3 21.
Bb3 1-0

[Event "Westerndorf St.Peter/Rosenheim"]
[Site "Westerndorf St.Peter/Rosenheim"]
[Date "2015.08.22"]
[Round "1.3"]
[White "Basener, Winfried"]
[Black "Schmid, Roland"]
[Result "0-1"]
[WhiteElo "2148"]
[BlackElo "2326"]
[PlyCount "58"]
[EventDate "2015.??.??"]
[WhiteTeam "SC Neuhausen 1908"]
[BlackTeam "SG Post/Süd Regensburg"]

1. d4 d5 2. Nf3 e6 3. c4 c6 4. e3 f5 5. Be2 Nf6 6. O-O Bd6 7. Nc3 O-O 8. Bd2 b6
9. a3 a5 10. Qb3 Nbd7 11. Ng5 Qe7 12. f4 Ba6 13. Be1 h6 14. Nf3 a4 15. Qa2 Ne4
16. Nxe4 fxe4 17. Ne5 Bxe5 18. fxe5 Qg5 19. Bd2 c5 20. Rad1 Rac8 21. Rfe1 cxd4
22. exd4 e3 23. cxd5 exd2 24. dxe6 dxe1=Q+ 25. Rxe1 Qe3+ 26. Kh1 Rc1 27. e7+
Kh7 28. exf8=Q Nxf8 29. Rf1 Bxe2 0-1

[Event "Westerndorf St.Peter/Rosenheim"]
[Site "Westerndorf St.Peter/Rosenheim"]
[Date "2015.08.22"]
[Round "1.4"]
[White "Prediger, Rupert"]
[Black "Knoblauch, Leonhard"]
[Result "0-1"]
[WhiteElo "2279"]
[BlackElo "2136"]
[PlyCount "94"]
[EventDate "2015.??.??"]
[WhiteTeam "SG Pang-Rosenheim 1910"]
[BlackTeam "SV Ilmmünster"]

1. e4 c6 2. d4 d5 3. exd5 cxd5 4. c4 Nf6 5. Nc3 Nc6 6. Bg5 dxc4 7. Bxc4 a6 8.
d5 Ne5 9. Be2 h6 10. Bxf6 exf6 11. Nf3 Bf5 12. Nd4 Bd7 13. O-O Be7 14. f4 Qb6
15. Kh1 Ng6 16. Qd3 O-O 17. Bh5 f5 18. Rae1 Bf6 19. Nxf5 Bxf5 20. Qxf5 Qxb2 21.
Ne4 Qxg2+ 22. Kxg2 Nh4+ 23. Kh3 Nxf5 24. Nxf6+ gxf6 25. Rg1+ Kh8 26. Bg4 Nd6
27. Re7 Rad8 28. Rc1 Rfe8 29. Rcc7 Rxe7 30. Rxe7 f5 31. Bd1 Kg7 32. Bb3 b5 33.
Ra7 Nc4 34. Rxa6 Rxd5 35. Ra7 Rd3+ 36. Kg2 Kg6 37. Rb7 Nd6 38. Rd7 Kh5 39. h3
Kh4 40. Rd8 Rg3+ 41. Kf1 Ne4 42. Rh8 Kxh3 43. Rxh6+ Kg4 44. Bxf7 Kxf4 45. Rb6
Ke3 46. Rg6 f4 47. Re6 f3 0-1

[Event "Westerndorf St.Peter/Rosenheim"]
[Site "Westerndorf St.Peter/Rosenheim"]
[Date "2015.08.22"]
[Round "1.5"]
[White "Großhans, Ralf-Michael"]
[Black "Bilchinski, Anton"]
[Result "1-0"]
[WhiteElo "2135"]
[BlackElo "2276"]
[PlyCount "45"]
[EventDate "2015.??.??"]
[WhiteTeam "SK Weidhausen 1989"]
[BlackTeam "SK Krumbach"]

1. e4 g6 2. d4 Bg7 3. c4 d6 4. Nc3 e5 5. d5 Ne7 6. g4 O-O 7. h4 f5 8. f3 fxg4
9. fxg4 Rf7 10. Be2 Qf8 11. Be3 Bxg4 12. Bxg4 Rf1+ 13. Kd2 Rxd1+ 14. Rxd1 Bh6
15. Nh3 Nf5 16. exf5 gxf5 17. Bxf5 Bxe3+ 18. Kxe3 Qxf5 19. Rdf1 Qc8 20. Rhg1+
Kh8 21. Ng5 h6 22. Ne6 Na6 23. Rf6 1-0

[Event "Westerndorf St.Peter/Rosenheim"]
[Site "Westerndorf St.Peter/Rosenheim"]
[Date "2015.08.22"]
[Round "1.6"]
[White "Knechtel, Roland"]
[Black "Graf, Christian"]
[Result "1-0"]
[WhiteElo "2264"]
[BlackElo "2133"]
[PlyCount "109"]
[EventDate "2015.??.??"]
[WhiteTeam "SV Röhrnbach"]
[BlackTeam "SU Ebersberg-Grafing"]

1. d4 d5 2. c4 c6 3. Nf3 Nf6 4. Nc3 dxc4 5. a4 Na6 6. e4 Bg4 7. Bxc4 e6 8. e5
Nd5 9. O-O Nab4 10. Ne4 Be7 11. a5 O-O 12. Bd2 b6 13. axb6 axb6 14. Qb3 b5 15.
Be2 Bf5 16. Bxb4 Bxb4 17. Ng3 Bg6 18. Rfc1 Qb6 19. h4 h6 20. Bd3 Bxd3 21. Qxd3
c5 22. dxc5 Bxc5 23. Ne4 Be7 24. g3 Ra4 25. b3 Rxa1 26. Rxa1 Rd8 27. Qe2 Rc8
28. Kg2 Bb4 29. Qd3 Rd8 30. Qc2 Be7 31. Rc1 Ra8 32. h5 b4 33. Qc4 Kh7 34. Rc2
Qa6 35. Nd4 Qb7 36. Kh2 Ra1 37. Nc6 Bf8 38. Nd6 Qd7 39. Nxb4 Nxb4 40. Qxb4 Bxd6
41. Qe4+ g6 42. hxg6+ fxg6 43. exd6 Ra7 44. Qf4 Kg7 45. Rc7 Rxc7 46. dxc7 g5
47. Qc4 Qc8 48. b4 e5 49. b5 h5 50. b6 h4 51. b7 Qf8 52. Kg1 hxg3 53. Qe2 gxf2+
54. Qxf2 Qb4 55. c8=Q 1-0

[Event "Westerndorf St.Peter/Rosenheim"]
[Site "Westerndorf St.Peter/Rosenheim"]
[Date "2015.08.22"]
[Round "1.7"]
[White "Oberhofer, Cédric"]
[Black "Dehlinger, Alexander"]
[Result "1/2-1/2"]
[WhiteElo "2125"]
[BlackElo "2258"]
[PlyCount "84"]
[EventDate "2015.??.??"]
[WhiteTeam "SC Bavaria Regensburg 1881"]
[BlackTeam "SC Garching 1980"]

1. e4 c5 2. Nf3 Nc6 3. d4 cxd4 4. Nxd4 Nf6 5. Nc3 e5 6. Ndb5 d6 7. Bg5 a6 8.
Na3 b5 9. Bxf6 gxf6 10. Nd5 f5 11. Bd3 Be6 12. O-O Bxd5 13. exd5 Ne7 14. Nxb5
Bg7 15. Nc3 e4 16. Be2 Ng6 17. g3 O-O 18. Qd2 Re8 19. Rfe1 f4 20. Bh5 e3 21.
fxe3 fxg3 22. hxg3 Qg5 23. Bxg6 Qxg3+ 24. Qg2 Qxg6 25. Qxg6 hxg6 26. Nd1 Re5
27. c4 Rc8 28. Nc3 Rg5+ 29. Kf2 Bxc3 30. bxc3 Rxc4 31. e4 Rxc3 32. Rac1 Ra3 33.
Re2 Rh5 34. Kg2 Rg5+ 35. Kf2 Rgg3 36. Rc6 Raf3+ 37. Ke1 Rg1+ 38. Kd2 Ra3 39.
Rxd6 Rxa2+ 40. Ke3 Rg3+ 41. Kf2 Rxe2+ 42. Kxe2 Ra3 1/2-1/2

[Event "Westerndorf St.Peter/Rosenheim"]
[Site "Westerndorf St.Peter/Rosenheim"]
[Date "2015.08.22"]
[Round "1.8"]
[White "Liepold, Stefan"]
[Black "Häußler, Phillip"]
[Result "1/2-1/2"]
[WhiteElo "2252"]
[BlackElo "2105"]
[PlyCount "94"]
[EventDate "2015.??.??"]
[WhiteTeam "SC Erlangen 48/88"]
[BlackTeam "SK Bad Aibling"]

1. e4 e6 2. d4 d5 3. Nc3 Nf6 4. e5 Nfd7 5. f4 c5 6. Nf3 Nc6 7. Be3 cxd4 8. Nxd4
Bc5 9. Qd2 O-O 10. O-O-O a6 11. Qf2 Nxd4 12. Bxd4 Qc7 13. Bd3 Bxd4 14. Qxd4 b5
15. Rhe1 Qc5 16. Ne2 b4 17. f5 Qxd4 18. Nxd4 Nc5 19. f6 a5 20. Re3 gxf6 21.
exf6 Kh8 22. Nc6 Ba6 23. Ne7 Bxd3 24. cxd3 Nd7 25. Rf1 Rae8 26. Kb1 Nxf6 27.
Nc6 Ng4 28. Rg3 f5 29. h3 Nf6 30. Re3 Nd7 31. Nxa5 Nc5 32. Ref3 Rg8 33. g3 Rc8
34. Re1 Rg6 35. Rc1 Rgg8 36. Re1 Rg7 37. Rfe3 Ra7 38. Nb3 Nxb3 39. axb3 Rg7 40.
g4 fxg4 41. hxg4 Rc6 42. Rg3 Rf7 43. g5 Rf2 44. g6 h6 45. g7+ Kg8 46. Rg6 Rc7
47. Rxh6 Rcc2 1/2-1/2

[Event "Westerndorf St.Peter/Rosenheim"]
[Site "Westerndorf St.Peter/Rosenheim"]
[Date "2015.08.22"]
[Round "1.9"]
[White "Herrmann, Michael"]
[Black "Wisnet, Dominic"]
[Result "1/2-1/2"]
[WhiteElo "2095"]
[BlackElo "2249"]
[PlyCount "87"]
[EventDate "2015.??.??"]
[WhiteTeam "SK Freilassing"]
[BlackTeam "SV Röhrnbach"]

1. c4 Nf6 2. g3 e6 3. Nf3 a6 4. Bg2 b5 5. b3 Bb7 6. O-O Be7 7. Bb2 O-O 8. d3 c5
9. Nbd2 Nc6 10. e3 d5 11. Qe2 Qb6 12. Rfd1 Rfd8 13. h3 Rd7 14. Ne5 Nxe5 15.
Bxe5 Rad8 16. Nf3 h6 17. Kh2 a5 18. cxb5 Qxb5 19. Qc2 d4 20. e4 Nh7 21. Bf4 Bg5
22. Bxg5 hxg5 23. Ne5 Rc7 24. Rf1 f6 25. Nc4 Ba6 26. Rab1 Nf8 27. Rfc1 Ng6 28.
Qd2 Qb4 29. Qc2 Ra7 30. Bf1 Rc8 31. a3 Qb8 32. Be2 Bb5 33. Bg4 Kf7 34. Qd2 Qc7
35. b4 axb4 36. axb4 Rh8 37. Kg2 Rb8 38. bxc5 Qxc5 39. Qb4 Qxb4 40. Rxb4 Ke7
41. Rcb1 Rab7 42. Na5 Rb6 43. Nc4 R6b7 44. Na5 1/2-1/2

[Event "Westerndorf St.Peter/Rosenheim"]
[Site "Westerndorf St.Peter/Rosenheim"]
[Date "2015.08.22"]
[Round "1.10"]
[White "Lorenz, Mark"]
[Black "Stadler, Alexander"]
[Result "0-1"]
[WhiteElo "2222"]
[BlackElo "2079"]
[PlyCount "80"]
[EventDate "2015.??.??"]
[WhiteTeam "1. FC Marktleuthen"]
[BlackTeam "SV Röhrnbach"]

1. c4 Nf6 2. g3 e6 3. Bg2 d5 4. Nf3 Be7 5. O-O O-O 6. b3 b6 7. Bb2 Bb7 8. e3
dxc4 9. bxc4 c5 10. Nc3 Nc6 11. Qe2 Qd7 12. Rfd1 Rac8 13. d3 Rfd8 14. Rd2 Qc7
15. Rad1 Qb8 16. Ng5 h6 17. Nge4 Nh7 18. f4 Qa8 19. g4 Na5 20. f5 Rd7 21. fxe6
fxe6 22. Bh3 Ng5 23. Nxg5 Bxg5 24. e4 Rf8 25. Rc2 Rdf7 26. Rf1 Qd8 27. Nd1 Nc6
28. Rxf7 Rxf7 29. Bg2 Nb4 30. Rc3 Bf6 31. a3 Bxc3 32. Bxc3 Qxd3 33. Qxd3 Nxd3
34. h4 Nf4 35. Bf3 Ng6 36. Bg2 Nxh4 37. Nf2 Nxg2 38. Kxg2 Ba6 39. Nd3 Rd7 40.
Ne5 Rd1 0-1

[Event "Westerndorf St.Peter/Rosenheim"]
[Site "Westerndorf St.Peter/Rosenheim"]
[Date "2015.08.22"]
[Round "1.11"]
[White "Kolb, Wolfgang"]
[Black "Lederle, Vitus"]
[Result "1/2-1/2"]
[WhiteElo "2067"]
[BlackElo "2215"]
[PlyCount "74"]
[EventDate "2015.??.??"]
[WhiteTeam "SK Königsbrunn"]
[BlackTeam "SC Dillingen"]

1. c4 Nf6 2. Nc3 e5 3. g3 c6 4. d4 exd4 5. Qxd4 d5 6. cxd5 cxd5 7. Bg2 Nc6 8.
Qd1 d4 9. Ne4 Be7 10. Nxf6+ Bxf6 11. Nf3 O-O 12. O-O Re8 13. Re1 Bf5 14. Qb3
Qe7 15. Bd2 h6 16. e3 Be6 17. Qc2 Rac8 18. Qb1 dxe3 19. Rxe3 Nb4 20. Bc3 Nd5
21. Bxf6 Qxf6 22. Re2 Bf5 23. Qe1 Rxe2 24. Qxe2 Rc2 25. Qe5 Qxe5 26. Nxe5 Nf6
27. Bxb7 Rxb2 28. Bf3 Be4 29. Nc4 Rb4 30. Bxe4 Nxe4 31. Rc1 g6 32. Rc2 h5 33.
h4 Kg7 34. Kg2 Nc5 35. Ne5 Ne6 36. Rd2 Nd4 37. Nf3 Nxf3 1/2-1/2

[Event "Westerndorf St.Peter/Rosenheim"]
[Site "Westerndorf St.Peter/Rosenheim"]
[Date "2015.08.22"]
[Round "1.12"]
[White "Heimrath, Reiner"]
[Black "Hinterreiter, Markus"]
[Result "1-0"]
[WhiteElo "2213"]
[BlackElo "2035"]
[PlyCount "119"]
[EventDate "2015.??.??"]
[WhiteTeam "SC Noris-Tarrasch Nürnberg 1873"]
[BlackTeam "TSV Trostberg"]

1. e4 c5 2. Nf3 Nc6 3. Bb5 e6 4. O-O Nge7 5. Re1 a6 6. Bf1 d5 7. exd5 Nxd5 8.
Nc3 Be7 9. Ne4 O-O 10. d3 b6 11. c3 Bb7 12. Qb3 Rc8 13. Bd2 Nf6 14. Rad1 Na5
15. Qc2 Qd5 16. Qb1 h6 17. Bf4 Rfd8 18. Be5 Ng4 19. Bg3 Nf6 20. Bh4 g5 21.
Nxf6+ Bxf6 22. Bg3 Nc6 23. h4 Qf5 24. Re3 Ne7 25. hxg5 hxg5 26. Rde1 Ng6 27.
Nd2 Nh4 28. Ne4 Be7 29. Qd1 Kg7 30. Bxh4 gxh4 31. Qe2 Rg8 32. Rh3 Kf8 33. Kh1
Rd8 34. b3 Rg7 35. Qe3 Kg8 36. f3 Qg6 37. a4 Rd5 38. a5 b5 39. c4 Rf5 40. cxb5
axb5 41. Ra1 Ba8 42. a6 Rd5 43. Ra5 b4 44. Rb5 f5 45. Rb8+ Rd8 46. Rxd8+ Bxd8
47. Nxc5 Bd5 48. Qf4 Rc7 49. d4 Qg5 50. Qd6 Qe7 51. Qb6 Rc6 52. Qxb4 Bb6 53.
Bc4 Bxc5 54. dxc5 Rxc5 55. Qb8+ Kg7 56. Qf4 Bxc4 57. bxc4 Ra5 58. Rxh4 Ra1+ 59.
Kh2 Rxa6 60. Qg3+ 1-0

[Event "Westerndorf St.Peter/Rosenheim"]
[Site "Westerndorf St.Peter/Rosenheim"]
[Date "2015.08.22"]
[Round "1.13"]
[White "Kretschel, Klaus"]
[Black "Miller, Eduard"]
[Result "0-1"]
[WhiteElo "2029"]
[BlackElo "2207"]
[PlyCount "76"]
[EventDate "2015.??.??"]
[WhiteTeam "TuS Fürstenfeldbruck"]
[BlackTeam "SC Erlangen 48/88"]

1. Nf3 Nf6 2. d4 b6 3. g3 Bb7 4. Bg2 g6 5. O-O Bg7 6. c4 O-O 7. Nc3 Ne4 8. Nxe4
Bxe4 9. Be3 d6 10. Qd2 c5 11. Bh6 Nd7 12. Bxg7 Kxg7 13. Qc3 Kg8 14. d5 Bxf3 15.
Bxf3 Rb8 16. e3 b5 17. cxb5 Rxb5 18. Be2 Rb7 19. Rfd1 Qb6 20. b3 Qb4 21. Rac1
Qa3 22. Rc2 Rb4 23. h4 h5 24. Qd2 a5 25. Rc4 Rfb8 26. f4 f5 27. Rdc1 Nf6 28.
Bf3 a4 29. bxa4 Rb2 30. R1c2 Qxa2 31. a5 Rb1+ 32. Kf2 R8b2 33. Ke2 Kf7 34. Kd3
Qb3+ 35. Qc3 Qb5 36. Rxb2 Rxb2 37. Bd1 Ne4 38. Ba4 Nf2# 0-1

[Event "Westerndorf St.Peter/Rosenheim"]
[Site "Westerndorf St.Peter/Rosenheim"]
[Date "2015.08.22"]
[Round "1.14"]
[White "Schelle, Artur"]
[Black "Golder, Waldemar"]
[Result "1-0"]
[WhiteElo "2204"]
[BlackElo "2009"]
[PlyCount "37"]
[EventDate "2015.??.??"]
[WhiteTeam "SC Tarrasch 45 München"]
[BlackTeam "FC Ergolding 1932"]

1. e4 c5 2. Nc3 a6 3. g3 b5 4. Bg2 Bb7 5. d3 e6 6. f4 d5 7. Qe2 Ne7 8. Nf3 Nbc6
9. O-O g6 10. f5 gxf5 11. Ng5 h5 12. exf5 Nd4 13. Qe5 Ng6 14. fxg6 f6 15. Rxf6
Bg7 16. Rxe6+ Nxe6 17. Qxe6+ Qe7 18. Qf7+ Qxf7 19. Nxf7 1-0

[Event "Westerndorf St.Peter/Rosenheim"]
[Site "Westerndorf St.Peter/Rosenheim"]
[Date "2015.08.22"]
[Round "1.15"]
[White "Nagy, Laszlo"]
[Black "Straub, Jürgen"]
[Result "1/2-1/2"]
[WhiteElo "1950"]
[BlackElo "2202"]
[PlyCount "33"]
[EventDate "2015.??.??"]
[WhiteTeam "SG Vogtareuth-Prutting"]
[BlackTeam "TSV Ingolstadt Nord"]

1. d4 Nf6 2. c4 e6 3. Nf3 b6 4. a3 Bb7 5. Nc3 Be7 6. Qc2 d5 7. cxd5 exd5 8. Bg5
O-O 9. g3 Nbd7 10. Bg2 c5 11. O-O Rc8 12. Bh3 cxd4 13. Nxd4 Rc4 14. Nf5 h6 15.
Nxe7+ Qxe7 16. Bxf6 Nxf6 17. Qd3 1/2-1/2

[Event "Westerndorf St.Peter/Rosenheim"]
[Site "Westerndorf St.Peter/Rosenheim"]
[Date "2015.08.22"]
[Round "1.16"]
[White "Kleibel, Uwe"]
[Black "Körber, Aljoscha"]
[Result "1-0"]
[WhiteElo "2195"]
[BlackElo "1940"]
[PlyCount "53"]
[EventDate "2015.??.??"]
[WhiteTeam "SV Röhrnbach"]
[BlackTeam "SC Garching 1980"]

1. e4 c5 2. Nf3 d6 3. d4 cxd4 4. Qxd4 Nc6 5. Bb5 Bd7 6. Bxc6 Bxc6 7. Bg5 Nf6 8.
Nc3 e5 9. Qd3 Qd7 10. Bxf6 gxf6 11. O-O-O O-O-O 12. Nh4 Rg8 13. g3 Rg5 14. Nd5
Bxd5 15. Qxd5 Kb8 16. Rd3 Qe6 17. Nf5 Rxf5 18. exf5 Qxf5 19. Rf3 Qg6 20. Rc3
Rc8 21. Rxc8+ Kxc8 22. Qb5 Bh6+ 23. Kb1 Qe4 24. Rd1 Kd8 25. Rxd6+ Ke7 26. Qd7+
Kf8 27. Qd8+ 1-0

[Event "Westerndorf St.Peter/Rosenheim"]
[Site "Westerndorf St.Peter/Rosenheim"]
[Date "2015.08.22"]
[Round "1.17"]
[White "Schewzow, Juri"]
[Black "Hofstetter, Hans-Joachim"]
[Result "1/2-1/2"]
[WhiteElo "1758"]
[BlackElo "2180"]
[PlyCount "45"]
[EventDate "2015.??.??"]
[WhiteTeam "SG Vogtareuth-Prutting"]
[BlackTeam "SK 1933 Bad Neustadt"]

1. d4 Nf6 2. c4 e6 3. Nf3 d5 4. Nc3 c6 5. e3 Nbd7 6. Bd3 a6 7. a3 dxc4 8. Bxc4
b5 9. Be2 Bb7 10. O-O c5 11. dxc5 Bxc5 12. b4 Be7 13. Bb2 O-O 14. Nd4 Qb6 15.
Bf3 Ne5 16. Bxb7 Qxb7 17. Qb3 Rac8 18. a4 Nc4 19. axb5 axb5 20. Rfd1 Nxb2 21.
Qxb2 Rc4 22. Ndxb5 Qb8 23. Rd4 1/2-1/2

[Event "Westerndorf St.Peter/Rosenheim"]
[Site "Westerndorf St.Peter/Rosenheim"]
[Date "2015.08.23"]
[Round "2.1"]
[White "Schelle, Artur"]
[Black "Manakov, Ilya"]
[Result "1/2-1/2"]
[WhiteElo "2204"]
[BlackElo "2340"]
[PlyCount "82"]
[EventDate "2015.??.??"]
[WhiteTeam "SC Tarrasch 45 München"]
[BlackTeam "TV Tegernsee"]

1. e4 c5 2. Nc3 d6 3. f4 g6 4. Nf3 Bg7 5. Bb5+ Bd7 6. Bc4 Nc6 7. O-O Na5 8. Be2
Nf6 9. d3 O-O 10. Qe1 Nc6 11. Qh4 Nd4 12. Bd1 Bg4 13. Nxd4 cxd4 14. Ne2 Bxe2
15. Bxe2 e6 16. Kh1 Rc8 17. Bd1 Nd7 18. Qe1 Qe7 19. Bd2 f5 20. Bb4 Nc5 21. exf5
gxf5 22. Bf3 Qf6 23. Qe2 b6 24. c4 Kh8 25. Rae1 Rce8 26. Ba3 a5 27. b4 axb4 28.
Bxb4 Qd8 29. Bxc5 dxc5 30. Bc6 Re7 31. g4 Qd6 32. Bg2 Rfe8 33. Qf3 fxg4 34.
Qxg4 Rf8 35. Be4 Rf6 36. Rf3 Ref7 37. Ref1 Bh6 38. f5 exf5 39. Rxf5 Rxf5 40.
Rxf5 Rxf5 41. Qxf5 Qe7 1/2-1/2

[Event "Westerndorf St.Peter/Rosenheim"]
[Site "Westerndorf St.Peter/Rosenheim"]
[Date "2015.08.23"]
[Round "2.2"]
[White "Schmid, Roland"]
[Black "Kleibel, Uwe"]
[Result "1/2-1/2"]
[WhiteElo "2326"]
[BlackElo "2195"]
[PlyCount "41"]
[EventDate "2015.??.??"]
[WhiteTeam "SG Post/Süd Regensburg"]
[BlackTeam "SV Röhrnbach"]

1. d4 Nf6 2. c4 e6 3. Nf3 d5 4. g3 Be7 5. Bg2 O-O 6. O-O dxc4 7. Qc2 a6 8. Qxc4
b5 9. Qc2 Bb7 10. Bd2 Nc6 11. e3 Nb4 12. Bxb4 Bxb4 13. Nbd2 Rc8 14. Rfd1 c5 15.
dxc5 Bxc5 16. Nb3 Qe7 17. Nxc5 Rxc5 18. Qd2 Rfc8 19. Rac1 h6 20. Rxc5 Qxc5 21.
Qd4 1/2-1/2

[Event "Westerndorf St.Peter/Rosenheim"]
[Site "Westerndorf St.Peter/Rosenheim"]
[Date "2015.08.23"]
[Round "2.3"]
[White "Knoblauch, Leonhard"]
[Black "Knechtel, Roland"]
[Result "1-0"]
[WhiteElo "2136"]
[BlackElo "2264"]
[PlyCount "73"]
[EventDate "2015.??.??"]
[WhiteTeam "SV Ilmmünster"]
[BlackTeam "SV Röhrnbach"]

1. e4 c6 2. Nc3 d5 3. d4 dxe4 4. Nxe4 Bf5 5. Ng3 Bg6 6. h4 h6 7. Nh3 Nf6 8. Nf4
Bh7 9. Bc4 e6 10. O-O Bd6 11. Re1 O-O 12. c3 Qc7 13. Qf3 Re8 14. Nfh5 Nxh5 15.
Nxh5 Nd7 16. Bxh6 gxh6 17. Bxe6 Rxe6 18. Rxe6 Bf8 19. Re3 Qd6 20. Rae1 Bg6 21.
Nf4 Nb6 22. h5 Bf5 23. Re5 Bd7 24. Nd3 Nd5 25. Nc5 b6 26. Ne4 Qc7 27. c4 f5 28.
cxd5 fxe4 29. Qxe4 Qd6 30. dxc6 Qxc6 31. d5 Qf6 32. Qd3 Bd6 33. Re6 Bxe6 34.
Rxe6 Qxb2 35. Rg6+ Kf8 36. Qf5+ Ke8 37. Rg8+ 1-0

[Event "Westerndorf St.Peter/Rosenheim"]
[Site "Westerndorf St.Peter/Rosenheim"]
[Date "2015.08.23"]
[Round "2.4"]
[White "Stadler, Alexander"]
[Black "Heimrath, Reiner"]
[Result "0-1"]
[WhiteElo "2079"]
[BlackElo "2213"]
[PlyCount "80"]
[EventDate "2015.??.??"]
[WhiteTeam "SV Röhrnbach"]
[BlackTeam "SC Noris-Tarrasch Nürnberg 1873"]

1. d4 d6 2. c4 e5 3. d5 f5 4. Nc3 Nf6 5. g3 g6 6. Bg2 Bg7 7. Nf3 O-O 8. O-O h6
9. e4 f4 10. gxf4 exf4 11. e5 dxe5 12. Nxe5 g5 13. Re1 Bf5 14. d6 c6 15. c5 Kh8
16. Qb3 Qc8 17. Nf7+ Kh7 18. Re7 Nbd7 19. Na4 Ng8 20. Bd2 Bg6 21. Rae1 Nxe7 22.
dxe7 Rxf7 23. e8=Q Qxe8 24. Rxe8 Rxe8 25. Qxb7 Ne5 26. Qb3 Rd7 27. Bc3 Red8 28.
Bxe5 Rd1+ 29. Bf1 Bxe5 30. Qb7+ Bg7 31. Nc3 Re1 32. Kg2 f3+ 33. Kxf3 Rxf1 34.
Qxc6 Rf8+ 35. Ke3 R1xf2 36. Qb7 R8f7 37. Qd5 g4 38. Ne2 h5 39. Qc4 Bh6+ 40. Kd4
R2f4+ 0-1

[Event "Westerndorf St.Peter/Rosenheim"]
[Site "Westerndorf St.Peter/Rosenheim"]
[Date "2015.08.23"]
[Round "2.5"]
[White "Miller, Eduard"]
[Black "Großhans, Ralf-Michael"]
[Result "0-1"]
[WhiteElo "2207"]
[BlackElo "2135"]
[PlyCount "100"]
[EventDate "2015.??.??"]
[WhiteTeam "SC Erlangen 48/88"]
[BlackTeam "SK Weidhausen 1989"]

1. d4 Nf6 2. c4 d6 3. Nc3 Nbd7 4. e4 e5 5. d5 Nc5 6. f3 a5 7. Be3 Be7 8. Qd2 h6
9. O-O-O Nh7 10. g4 Bg5 11. Bxg5 hxg5 12. b3 Nf8 13. Nh3 f6 14. Nf2 Ng6 15. Bd3
Rh4 16. Bc2 Bd7 17. Kb2 Kf7 18. a3 Qh8 19. b4 axb4 20. axb4 Na6 21. Nd3 Nf4 22.
Kb3 Rh3 23. Qf2 Qh4 24. Qxh4 Rxh4 25. Nxf4 gxf4 26. Rd2 Rah8 27. Rf2 Rh3 28.
Bd1 g6 29. Be2 f5 30. Bf1 R3h4 31. gxf5 gxf5 32. c5 Nb8 33. exf5 dxc5 34. bxc5
Bxf5 35. Bc4 Kf6 36. Kb4 c6 37. Ra2 Rh3 38. Ra7 R8h7 39. Be2 cxd5 40. Nxd5+ Ke6
41. Kc4 Nc6 42. Ra8 Rd7 43. Nc3 Bc2 44. Nb5 Rd2 45. Rg1 Rxe2 46. Nc7+ Kf7 47.
Rgg8 Bb3+ 48. Kb5 Rh7 49. Kb6 Rb2 50. Nb5 Bc4 0-1

[Event "Westerndorf St.Peter/Rosenheim"]
[Site "Westerndorf St.Peter/Rosenheim"]
[Date "2015.08.23"]
[Round "2.6"]
[White "Baldauf, Marco"]
[Black "Oberhofer, Cédric"]
[Result "1-0"]
[WhiteElo "2413"]
[BlackElo "2125"]
[PlyCount "45"]
[EventDate "2015.??.??"]
[WhiteTeam "SG Pang-Rosenheim 1910"]
[BlackTeam "SC Bavaria Regensburg 1881"]

1. d4 Nf6 2. c4 c5 3. d5 e6 4. Nc3 exd5 5. cxd5 d6 6. e4 g6 7. f4 Bg7 8. Bb5+
Nfd7 9. Nf3 O-O 10. O-O Na6 11. Kh1 Nc7 12. Bd3 a6 13. Qe1 Re8 14. Qg3 b5 15.
f5 Ne5 16. Bg5 Qd7 17. Nxe5 Bxe5 18. Qh4 Bg7 19. Nd1 c4 20. Bc2 gxf5 21. Rxf5
Re5 22. Ne3 Qe8 23. Rf3 1-0

[Event "Westerndorf St.Peter/Rosenheim"]
[Site "Westerndorf St.Peter/Rosenheim"]
[Date "2015.08.23"]
[Round "2.7"]
[White "Dehlinger, Alexander"]
[Black "Herrmann, Michael"]
[Result "1/2-1/2"]
[WhiteElo "2258"]
[BlackElo "2095"]
[PlyCount "33"]
[EventDate "2015.??.??"]
[WhiteTeam "SC Garching 1980"]
[BlackTeam "SK Freilassing"]

1. Nf3 Nf6 2. c4 c6 3. d4 d5 4. Qc2 g6 5. Bf4 Bg7 6. e3 Bf5 7. Qb3 Qc8 8. Nc3
Be6 9. Rc1 O-O 10. Be2 dxc4 11. Bxc4 Bxc4 12. Qxc4 Nbd7 13. e4 Nb6 14. Qe2 Qg4
15. g3 h6 16. h3 Qe6 17. Kf1 1/2-1/2

[Event "Westerndorf St.Peter/Rosenheim"]
[Site "Westerndorf St.Peter/Rosenheim"]
[Date "2015.08.23"]
[Round "2.8"]
[White "Hofstetter, Hans-Joachim"]
[Black "Liepold, Stefan"]
[Result "1/2-1/2"]
[WhiteElo "2180"]
[BlackElo "2252"]
[PlyCount "98"]
[EventDate "2015.??.??"]
[WhiteTeam "SK 1933 Bad Neustadt"]
[BlackTeam "SC Erlangen 48/88"]

1. e4 e6 2. d4 d5 3. e5 c5 4. c3 Qb6 5. a3 Nc6 6. Nf3 Nh6 7. b4 cxd4 8. cxd4
Nf5 9. Bb2 Bd7 10. g4 Nfe7 11. h3 h5 12. Rg1 Ng6 13. Qd2 hxg4 14. Rxg4 Nce7 15.
Nc3 Nf5 16. Rc1 Rc8 17. Ne2 Rxc1+ 18. Qxc1 Ngh4 19. Nxh4 Nxh4 20. Rg3 g6 21.
Rc3 Bh6 22. Qd1 O-O 23. Bc1 Bxc1 24. Nxc1 Bb5 25. Bxb5 Qxb5 26. Qe2 Qb6 27. Rc5
Kg7 28. Nb3 Rh8 29. Qg4 Qd8 30. Nd2 b6 31. Rc3 Nf5 32. Nf3 Rh5 33. Kf1 Nh4 34.
Nxh4 Rxh4 35. Qd1 Rf4 36. Kg2 Qh4 37. Rf3 Rxd4 38. Qa4 Qg5+ 39. Rg3 Qxe5 40.
Qxa7 b5 41. Qd7 Rf4 42. Qxb5 Qe4+ 43. Kg1 Qc2 44. Qf1 e5 45. Qe1 Qb2 46. Qe3 f6
47. Qa7+ Kh6 48. Qc5 Qb1+ 49. Kh2 Qf5 1/2-1/2